Statistics for US Salernitana 1919 Squad 2023-2024

Click here to take the quiz!

General Stats

  • This quiz has been taken 50 times
    (32 since last reset)
  • The average score is 24 of 37

Answer Stats

#PositionNationPlayer% Correct
13GKMexicoGuillermo Ochoa
100%
10FWSenegalBoulaye Dia
95%
5DFGermanyJérôme Boateng
95%
87MFItalyAntonio Candreva
91%
17DFArgentinaFederico Fazio
91%
56GKFranceBenoît Costil
82%
44DFGreeceKōnstantinos Manōlas
82%
-CoachPortugalPaulo Sousa
82%
25MFItalyGiulio Maggiore
77%
20MFCyprusGrigoris Kastanos
77%
21FWCape VerdeJovane Cabral
77%
99MFPolandMateusz Łęgowski
77%
3DFCroatiaDomagoj Bradarić
73%
8MFNorwayEmil Bohinen
73%
-CoachItalyFilippo Inzaghi
73%
18MFMaliLassana Coulibaly
73%
30DFItalyPasquale Mazzocchi
73%
14FWIsraelShon Weissman
73%
11FWNorwayErik Botheim
68%
23DFSlovakiaNorbert Gyömbér
68%
22FWNigeriaChukwubuikem Ikwuemesi
64%
6DFFranceJunior Sambia
64%
66DFItalyMatteo Lovato
64%
19FWJamaicaTrivante Stewart
64%
59DFItalyAlessandro Zanoli
59%
98DFItalyLorenzo Pirola
59%
7MFArgentinaAgustín Martegani
55%
33FWFranceLoum Tchaouna
55%
24DFArgentinaMarco Pellegrino
50%
28DFTunisiaDylan Bronn
45%
26MFCroatiaToma Bašić
45%
5DFAustriaFlavius Daniliuc
41%
27DFItalyNiccolò Pierozzi
36%
4DFGreeceTriantafyllos Pasalidis
32%
1GKItalyVincenzo Fiorillo
32%
55FWItalyEmanuel Vignato
27%
11MFFranceIron Gomis
27%

Score Distribution

Percentile by Number Answered

Percent of People with Each Score

Your Score History

You have not taken this quiz since the last reset